Online
Catalog

Escuela de sommelier Pablo Diaz : (Record no. 59791)

MARC details
000 -CABECERA
campo de control de longitud fija 02209nam a2200301 i 4500
003 - IDENTIFICADOR DEL NÚMERO DE CONTROL
campo de control DO-SdBNP
005 - FECHA Y HORA DE LA ÚLTIMA TRANSACCIÓN
campo de control 20250813134723.0
007 - CAMPO FIJO DE DESCRIPCIÓN FÍSICA--INFORMACIÓN GENERAL
campo de control de longitud fija ta
008 - DATOS DE LONGITUD FIJA--INFORMACIÓN GENERAL
campo de control de longitud fija 250813b2023 dr ab||| |||| 000 0 spa d
020 ## - NÚMERO INTERNACIONAL ESTÁNDAR DEL LIBRO
Número Internacional Estándar del Libro 9789945649703
040 ## - FUENTE DE LA CATALOGACIÓN
Centro catalogador/agencia de origen DO-SdBNP
Lengua de catalogación spa
Centro/agencia transcriptor BNPHU
Normas de descripción rda
041 ## - CÓDIGO DE LENGUA
Código de lengua del texto/banda sonora o título independiente spa
082 ## - NÚMERO DE LA CLASIFICACIÓN DECIMAL DEWEY
Número de clasificación xxx
Número de documento/Ítem D542
Número de edición 22
100 1# - ENTRADA PRINCIPAL--NOMBRE DE PERSONA
Nombre de persona Díaz, Pablo
Término indicativo de función/relación autor
Código de función/relación aut.
9 (RLIN) 87617
245 10 - MENCIÓN DE TÍTULO
Título Escuela de sommelier Pablo Diaz :
Resto del título curso taller Enológico /
Mención de responsabilidad, etc. Pablo Diaz
246 13 - FORMA VARIANTE DE TÍTULO
Título propio/Titulo breve EL Vino :
Resto del título explicado fácil /
264 #4 - PRODUCCIÓN, PUBLICACIÓN, DISTRIBUCIÓN, FABRICACIÓN Y COPYRIGHT
Producción, publicación, distribución, fabricación y copyright Santo Domingo :
Nombre del de productor, editor, distribuidor, fabricante Asociación Dominicana de Sommeliers,
Fecha de producción, publicación, distribución, fabricación o copyright 2023.
300 ## - DESCRIPCIÓN FÍSICA
Extensión 220 Páginas :
Otras características físicas ilustraciones, mapas
Dimensiones 28 cm.
336 ## - TIPO DE CONTENIDO
Término de tipo de contenido texto
Código de tipo de contenido txt
Fuente rdacontent
337 ## - TIPO DE MEDIO
Nombre/término del tipo de medio sin mediación
Código del tipo de medio n
Fuente rdamedia
338 ## - TIPO DE SOPORTE
Nombre/término del tipo de soporte volumen
Código del tipo de soporte nc
Fuente rdacarrier
500 ## - NOTA GENERAL
Nota general Diplomado de Enología Sommeliers
500 ## - NOTA GENERAL
Nota general Fundada el 12 de agosto de 2001.
520 ## - SUMARIO, ETC.
Sumario, etc. Eres amante del vino pero te resulta complicado?<br/>Te presento El vino explicado fácil. Siempre se ha hablado de lo complicado que es interpretar las etiquetas de los vinos franceses, por solo citar un solo caso, aquí te lo explico de una manera fácil y simple, utilizando un método propio que no encontraras en ningún otro libro. No tengo dudas que después de leer El vino explicado facil te sentiras mas comodo y seguro, disfrutaras mas el vino, además de que enriquecerás tu nivel cultural, porque el vino no solo es placer para los sentidos, es un estilo de vida.<br/><br/>¿Qué encontrarás en este libro?<br/><br/>Clasificación del vino, Cómo interpretar las etiquetas, Técnicas de cata (el CROS explicado paso a paso), Características organolépticas de las uvas más emblemáticas, Principales regiones vinícolas y sus vinos representativos, El cognac y otros brandies, Principales vinos fortificados, Método solera, Clasificación del vino, Cómo interpretar las etiquetas, Técnicas de cata (el CROS explicado paso a paso), Características organolépticas de las uvas más emblemáticas, Principales regiones vinícolas y sus vinos representativos. El cognac y otros brandies, Principales vinos fortificados Método solera<br/><br/>¡Y mucho más!<br/>
590 ## - NOTA LOCAL (RLIN)
Nota local Inventariado, 2025/ YL
910 ## - DATOS DE OPCIÓN DEL USUARIO (OCLC)
Datos de opción del usuario Ylockward
942 ## - ELEMENTOS DE PUNTO DE ACCESO ADICIONAL (KOHA)
Fuente del sistema de clasificación o colocación Dewey Decimal Classification
Tipo de ítem Koha Libro
Holdings
Estado de retiro Estado de pérdida Fuente del sistema de clasificación o colocación Restricciones de uso No para préstamo Código de colección Localización permanente Ubicación/localización actual Ubicación en estantería Fecha de adquisición Fuente de adquisición Total de préstamos Signatura topográfica completa Código de barras Fecha visto por última vez Precio válido a partir de Tipo de ítem Koha Número de copia
    Dewey Decimal Classification Excluido de préstamo   Patrimonio Dominicano Biblioteca Nacional Pedro Henríquez Ureña Biblioteca Nacional Pedro Henríquez Ureña En catalogación 24.06.2025 Depósito Legal   BNPHU PD xxx D542 2025-8412 13.08.2025 13.08.2025 Libro  
    Dewey Decimal Classification Excluido de préstamo   Patrimonio Dominicano Biblioteca Nacional Pedro Henríquez Ureña Biblioteca Nacional Pedro Henríquez Ureña En catalogación 24.06.2025 Depósito Legal   BNPHU PD xxx D542 2025-8413 13.08.2025 13.08.2025 Libro e. 2
    Dewey Decimal Classification Préstamo en sala   Dominicana de Servicio Biblioteca Nacional Pedro Henríquez Ureña Biblioteca Nacional Pedro Henríquez Ureña En catalogación 24.06.2025 Depósito Legal   BNPHU DS xxx D542 2025-8414 13.08.2025 13.08.2025 Libro e. 3

Powered by Koha